वैश्वीकरण और समकालीन हिन्दी उपन्यास में चित्रित श्रम का स्वरूप (Record no. 888098)

MARC details
000 -LEADER
fixed length control field 01105nam a2200253Ia 4500
003 - CONTROL NUMBER IDENTIFIER
control field OSt
005 - DATE AND TIME OF LATEST TRANSACTION
control field 20260417173228.0
008 - FIXED-LENGTH DATA ELEMENTS--GENERAL INFORMATION
fixed length control field 220926b |||||||| |||| 00| 0 hin d
037 ## - SOURCE OF ACQUISITION
Terms of availability Theses
040 ## - CATALOGING SOURCE
Original cataloging agency CRL
Transcribing agency CRL
Language of cataloging hin
041 ## - LANGUAGE CODE
Source of code hin
Language code of text/sound track or separate title hin
100 ## - MAIN ENTRY--PERSONAL NAME
Personal name राय, सुनील कुमार, ले.
9 (RLIN) 1235114
110 ## - MAIN ENTRY--CORPORATE NAME
Corporate name or jurisdiction name as entry element दिल्ली विश्वविद्यालय. कला संकाय. हिन्दी विभाग
245 #0 - TITLE STATEMENT
Title वैश्वीकरण और समकालीन हिन्दी उपन्यास में चित्रित श्रम का स्वरूप
246 ## - VARYING FORM OF TITLE
Title proper/short title Vaishvīkaraṇ aur samakālīn hindī upanyās mean chitrit shram kā svarūpa
260 ## - PUBLICATION, DISTRIBUTION, ETC.
Date of publication, distribution, etc. 2018
300 ## - PHYSICAL DESCRIPTION
Extent 248पृ0
-- p.
Dimensions cm.
700 ## - ADDED ENTRY--PERSONAL NAME
Personal name दिल्ली विश्वविद्यालय. कला संकाय. हिन्दी विभाग
942 ## - ADDED ENTRY ELEMENTS (KOHA)
Koha item type Thesis
Source of classification or shelving scheme Colon Classification (CC)
Holdings
Withdrawn status Lost status Damaged status Not for loan Home library Current library Date acquired Total Checkouts Barcode Date last seen Price effective from Koha item type
        Central Library Central Library 2022-09-30   TH0023807 2022-09-30 2022-09-30 Thesis
Copyright @ Delhi University Library System